000 00942nam a22002657a 4500
999 _c44799
_d44799
001 18351
003 CO-MdFUSB
005 20180622073155.0
008 180419t2012 ck ||||| |||| 00| 0 spa d
020 _a978-958-46-0897-0
040 _aCO-MdFUSB
_bspa
_cCO-MdFUSB
_dCO-MdFUSBC
_erda
041 _aspa
082 0 4 _aG 227.8706 G215h
100 1 _aGarcía Salazar, Carlos Humberto
_eautor
245 1 0 _aHebreos
_b: El Cristo de ayer, hoy y siempre
_c/ Carlos Humberto García Salazar
264 4 _aBogotá, Colombia :
_b Berea,
_c©2012
300 _a144 p.
336 _2rdacontent
_atexto
_btxt
337 _2rdamedia
_asin mediación
_bn
338 _2rdacarrier
_avolumen
_bnc
501 _aRústico
505 0 0 _aEl Hijo y los hijos -- cuidado con la incredulidad -- Jesucristo, único Sacerdote de nuestra profesión -- El Nuevo Pacto -- vivencia por la fe -- salgan del judaísmo
653 _aBiblia N.T. - Hebreos
942 _cBK